[Event "CZE-ch U12 Girls"]
[Site "Kouty nad Desnou"]
[Date "2024.03.16"]
[Round "9"]
[White "Janouskova, Eliska"]
[Black "Levchenko, Alisa"]
[Result "1-0"]
[WhiteElo "1660"]
[BlackElo "1550"]
[PlyCount "141"]
[EventDate "2024.03.09"]
[EventType "swiss"]
[EventRounds "9"]
[EventCountry "CZE"]
[SourceTitle "CB12_2024"]
[SourceDate "2023.10.01"]
[SourceVersion "1"]
[SourceVersionDate "2023.10.01"]
[SourceQuality "1"]

1. e4 e6 2. d4 d5 3. Nc3 Nf6 4. Bg5 dxe4 5. Nxe4 Be7 6. Bxf6 Bxf6 7. Nf3 0-0 8. Qd2 Nd7 9. 0-0-0 Qe7 10. Kb1 c5 11. g4 Bxd4 12. Nxd4 cxd4 13. Qxd4 e5 14. Qe3 Nf6 15. f3 Nxe4 16. Qxe4 f5 17. Bc4+ Kh8 18. Qe2 fxg4 19. fxg4 Bd7 20. Rhe1 Rfe8 21. h3 Bc6 22. Bd5 Bxd5 23. Rxd5 Rad8 24. Rb5 e4 25. a3 Rd6 26. Qe3 a6 27. Rb4 Re6 28. Rd4 b5 29. a4 Qc5 30. axb5 axb5 31. c3 h6 32. Rb4 Qxe3 33. Rxe3 Re5 34. Kc2 Kg8 35. c4 bxc4 36. Rxc4 Kf7 37. Kc3 R8e7 38. b4 Ke8 39. Kd4 Kd7 40. Rc5 Rxc5 41. bxc5 Kc6 42. Rxe4 Rc7 43. Re6+ Kb5 44. Rb6+ Ka5 45. Kd5 Rf7 46. Kc6 Rf6+ 47. Kd5 Rf7 48. Rb3 Ka6 49. c6 Ka5 50. Rb7 Rf6 51. Rxg7 Kb6 52. c7 Rc6 53. Ke5 Kb7 54. Kf5 Kc8 55. Rg6 Rxc7 56. Rxh6 Re7 57. g5 Kd8 58. Kf6 Re8 59. Rh7 Rf8+ 60. Kg6 Ke8 61. Rg7 Rh8 62. Rh7 Rg8+ 63. Kh6 Kf8 64. g6 Ke8 65. h4 Kf8 66. Ra7 Rh8+ 67. Kg5 Kg8 68. h5 Rxh5+ 69. Kxh5 Kh8 70. Kh6 Kg8 71. Ra8# 1-0

[Event "CZE-ch U12 Girls"]
[Site "Kouty nad Desnou"]
[Date "2024.03.10"]
[Round "2"]
[White "Rudova, Jana"]
[Black "Janouskova, Eliska"]
[Result "1/2-1/2"]
[WhiteElo "1408"]
[BlackElo "1660"]
[PlyCount "60"]
[EventDate "2024.03.09"]
[EventType "swiss"]
[EventRounds "9"]
[EventCountry "CZE"]
[SourceTitle "CB12_2024"]
[SourceDate "2023.10.01"]
[SourceVersion "1"]
[SourceVersionDate "2023.10.01"]
[SourceQuality "1"]

1. e4 c5 2. Nf3 e6 3. Nc3 d6 4. g3 Nf6 5. d3 Be7 6. Bg2 a6 7. Be3 Qc7 8. 0-0 0-0 9. Re1 Nc6 10. a3 Re8 11. d4 cxd4 12. Nxd4 Rb8 13. f4 Nxd4 14. Qxd4 Ng4 15. h3 Nxe3 16. Qxe3 d5 17. Kh1 Bc5 18. Qd3 d4 19. Ne2 Rd8 20. Rad1 Qd7 21. Qc4 Ba7 22. Rd2 b5 23. Qd3 g6 24. Red1 Qe7 25. c3 Bb7 26. cxd4 Rbc8 27. Rc2 Rxc2 28. Qxc2 Rc8 29. Qd3 Qd7 30. d5 exd5 1/2-1/2

[Event "EU Union-ch U12"]
[Site "Kouty nad Desnou"]
[Date "2023.08.19"]
[Round "4"]
[White "Prochazka, Michal"]
[Black "Janouskova, Eliska"]
[Result "1/2-1/2"]
[WhiteElo "1391"]
[BlackElo "1398"]
[PlyCount "47"]
[EventDate "2023.08.16"]
[EventType "swiss"]
[EventRounds "9"]
[EventCountry "CZE"]
[SourceTitle "EXT 2024"]
[Source "ChessBase"]
[SourceDate "2023.10.10"]
[SourceVersion "1"]
[SourceVersionDate "2023.10.10"]
[SourceQuality "1"]

1. e4 Nf6 2. e5 Nd5 3. c4 Nb6 4. d4 d6 5. exd6 cxd6 6. Nf3 Bg4 7. Nc3 Nc6 8. Be3 g6 9. h3 Bxf3 10. gxf3 Bg7 11. Qd2 e6 12. 0-0-0 Qe7 13. Kb1 0-0-0 14. Be2 Kb8 15. Qc2 Rc8 16. Nb5 Na5 17. c5 dxc5 18. dxc5 Nd5 19. Qa4 Nc6 20. Nd6 Rc7 21. Qa3 Nxe3 22. fxe3 Rd8 23. Rd2 Qg5 24. f4 1/2-1/2

[Event "EU Union-ch U12"]
[Site "Kouty nad Desnou"]
[Date "2023.08.17"]
[Round "2"]
[White "Levchenko, Alisa"]
[Black "Janouskova, Eliska"]
[Result "1/2-1/2"]
[WhiteElo "1151"]
[BlackElo "1398"]
[PlyCount "56"]
[EventDate "2023.08.16"]
[EventType "swiss"]
[EventRounds "9"]
[EventCountry "CZE"]
[SourceTitle "EXT 2024"]
[Source "ChessBase"]
[SourceDate "2023.10.10"]
[SourceVersion "1"]
[SourceVersionDate "2023.10.10"]
[SourceQuality "1"]

1. d4 e6 2. c4 f5 3. g3 Nf6 4. Bg2 d5 5. Qc2 c6 6. Nf3 Bd6 7. e3 0-0 8. 0-0 Nbd7 9. Nbd2 Ne4 10. b3 Ndf6 11. Nxe4 Nxe4 12. Nd2 Bd7 13. Bb2 Be8 14. Nxe4 fxe4 15. f3 exf3 16. Rxf3 Rxf3 17. Bxf3 Qg5 18. e4 Bg6 19. Qe2 Re8 20. Bc1 Qd8 21. Qg2 Bb4 22. Bb2 dxc4 23. bxc4 Qb6 24. Kh1 Rf8 25. Rd1 Be7 26. Bc3 Bf6 27. e5 Be7 28. Ba1 Kh8 1/2-1/2

[Event "EU Union-ch U10"]
[Site "Pec pod Snezkou"]
[Date "2022.08.24"]
[Round "3"]
[White "Janouskova, Eliska"]
[Black "Novotny, Adam1111"]
[Result "1-0"]
[WhiteElo "1330"]
[BlackElo "1113"]
[PlyCount "69"]
[EventDate "2022.08.22"]
[EventType "swiss"]
[EventRounds "9"]
[EventCountry "CZE"]
[SourceTitle "EXT 2023"]
[Source "ChessBase"]
[SourceDate "2022.10.05"]
[SourceVersion "1"]
[SourceVersionDate "2022.10.05"]
[SourceQuality "1"]

1. e4 e5 2. Nf3 Nc6 3. Nc3 Nf6 4. Bb5 Nd4 5. Bc4 Bc5 6. d3 d6 7. h3 Be6 8. Bxe6 fxe6 9. Be3 Qd7 10. Bxd4 Bxd4 11. Qd2 0-0 12. Ne2 Bc5 13. 0-0 Rae8 14. Ng3 Qe7 15. c3 Rf7 16. d4 exd4 17. cxd4 Bb6 18. Rfe1 e5 19. d5 h6 20. Nf5 Qd7 21. Rac1 Nxe4 22. Nxh6+ gxh6 23. Rxe4 Kh7 24. Rh4 Rf6 25. Qd3+ Kh8 26. Rcc4 Rg8 27. Rcg4 Rxg4 28. hxg4 Qe7 29. g5 Rf7 30. Rxh6+ Rh7 31. Re6 Qf8 32. g6 Rg7 33. Qe4 Qd8 34. Nh4 Qf8 35. Nf5 1-0

[Event "Liptovsky Jan op"]
[Site "Liptovsky Jan"]
[Date "2022.06.25"]
[Round "5"]
[White "Ziaran, Viliam"]
[Black "Janouskova, Eliska"]
[Result "1-0"]
[WhiteElo "1846"]
[BlackElo "1167"]
[PlyCount "99"]
[EventDate "2022.06.23"]
[EventType "swiss"]
[EventRounds "7"]
[EventCountry "SVK"]
[SourceTitle "CBM 209 Extra"]
[Source "ChessBase"]
[SourceDate "2022.09.30"]
[SourceVersion "1"]
[SourceVersionDate "2022.09.30"]
[SourceQuality "1"]

1. e4 c5 2. c3 Nf6 3. e5 Nd5 4. Nf3 e6 5. d4 cxd4 6. cxd4 d6 7. Bb5+ Bd7 8. Bxd7+ Nxd7 9. exd6 Bxd6 10. 0-0 0-0 11. Nc3 N7f6 12. Re1 a6 13. Bg5 Qc7 14. Rc1 Nxc3 15. bxc3 Nd5 16. c4 Nf4 17. c5 Be7 18. Bxe7 Qxe7 19. d5 Qd7 20. d6 Qc6 21. g3 Nd5 22. Ne5 Qc8 23. Qb3 Rd8 24. c6 b5 25. d7 Qc7 26. Qf3 Nf6 27. g4 h6 28. h4 Rf8 29. Kg2 Rad8 30. Qg3 Nd5 31. Nd3 Rb8 32. a3 Qxg3+ 33. Kxg3 Nc7 34. Nc5 Kh7 35. Nb7 f5 36. gxf5 exf5 37. Rcd1 f4+ 38. Kf3 a5 39. d8Q Rbxd8 40. Rxd8 Rf6 41. Nxa5 Kg6 42. Rd7 Ne6 43. Rxe6 Rxe6 44. c7 b4 45. axb4 h5 46. c8Q Kh6 47. Rd8 Rf6 48. Rh8+ Kg6 49. Qe8+ Kf5 50. Rxh5+ 1-0

[Event "CZE-chT U12"]
[Site "Jihlava"]
[Date "2022.06.11"]
[Round "3.5"]
[White "Janouskova, Eliska"]
[Black "Sara, David"]
[Result "1-0"]
[WhiteElo "1062"]
[BlackElo "1126"]
[PlyCount "47"]
[EventDate "2022.06.10"]
[EventType "team-swiss"]
[EventRounds "9"]
[EventCountry "CZE"]
[SourceTitle "CBM 209 Extra"]
[Source "ChessBase"]
[SourceDate "2022.09.30"]
[SourceVersion "1"]
[SourceVersionDate "2022.09.30"]
[SourceQuality "1"]
[WhiteTeam "Plzen Sokol U12"]
[BlackTeam "Polabiny U12"]
[WhiteTeamCountry "CZE"]
[BlackTeamCountry "CZE"]

1. e4 e5 2. Nf3 Nc6 3. Nc3 Bc5 4. Bb5 d6 5. d4 Bb4 6. d5 a6 7. Ba4 b5 8. Bxb5 axb5 9. dxc6 Nf6 10. Qd3 Ba6 11. Bg5 0-0 12. a3 Bxc3+ 13. Qxc3 Nxe4 14. Bxd8 Nxc3 15. Bxc7 Na4 16. 0-0-0 Ra7 17. Bxd6 Rc8 18. c7 h6 19. Bxe5 Kh7 20. Rd8 Nc5 21. Rxc8 Bxc8 22. Nd4 b4 23. Nb5 Rb7 24. Nd4 1-0

[Event "EU-ch Schools U11 Girls"]
[Site "Rhodes"]
[Date "2022.04.26"]
[Round "6"]
[White "Janouskova, Eliska"]
[Black "Onipko, Kateryna"]
[Result "1-0"]
[WhiteElo "1167"]
[BlackElo "1154"]
[PlyCount "51"]
[EventDate "2022.04.21"]
[EventType "swiss"]
[EventRounds "9"]
[EventCountry "GRE"]
[SourceTitle "CBM 208 Extra"]
[Source "ChessBase"]
[SourceDate "2022.07.31"]
[SourceVersion "1"]
[SourceVersionDate "2022.07.31"]
[SourceQuality "1"]

1. e4 d6 2. Nf3 g6 3. Nc3 Bg7 4. d4 c6 5. Be3 Nd7 6. Bd3 e6 7. 0-0 Ne7 8. Qd2 0-0 9. h3 e5 10. dxe5 Nxe5 11. Nxe5 Bxe5 12. f4 Bg7 13. f5 f6 14. Qf2 b5 15. Ne2 g5 16. h4 h6 17. hxg5 fxg5 18. Ng3 Qe8 19. Bd4 Bf6 20. Bxf6 Rxf6 21. Qe2 Kh7 22. Nh5 Rf7 23. e5 dxe5 24. f6+ Ng6 25. Qe4 Qg8 26. Ng7 1-0